Catálogo
 En Linea

El poder de la virtud de la esperanza : (Registro nro. 50544)

Detalles MARC
000 -CABECERA
campo de control de longitud fija 00769nam a22002177a 4500
003 - IDENTIFICADOR DEL NÚMERO DE CONTROL
campo de control DO-SdBNP
005 - FECHA Y HORA DE LA ÚLTIMA TRANSACCIÓN
campo de control 20210917085518.0
007 - CAMPO FIJO DE DESCRIPCIÓN FÍSICA--INFORMACIÓN GENERAL
campo de control de longitud fija ta
008 - DATOS DE LONGITUD FIJA--INFORMACIÓN GENERAL
campo de control de longitud fija 210916e2011 dr a|||gr|||| 001 0dspa d
020 ## - NÚMERO INTERNACIONAL ESTÁNDAR DEL LIBRO
Número Internacional Estándar del Libro 9789945850581
040 ## - FUENTE DE LA CATALOGACIÓN
Centro catalogador/agencia de origen DO-SdBNP
Lengua de catalogación spa
Centro/agencia transcriptor BNPHU
082 #4 - NÚMERO DE LA CLASIFICACIÓN DECIMAL DEWEY
Número de edición 22
Número de documento/Ítem V335e, 2011
100 ## - ENTRADA PRINCIPAL--NOMBRE DE PERSONA
9 (RLIN) 73819
Nombre de persona Vásquez, Inocencia,
Fechas asociadas al nombre 1952-
245 13 - MENCIÓN DE TÍTULO
Título El poder de la virtud de la esperanza :
Resto del título experiencia misionera en mis 40 años de silencio /
Mención de responsabilidad, etc. Inocencia Vásquez; Antonio Guerrero, ed.
246 #4 - FORMA VARIANTE DE TÍTULO
Título propio/Titulo breve El poder de la virtud de la esperanza :
Resto del título 40 años de experiencia misionera
250 ## - MENCIÓN DE EDICIÓN
Mención de edición 2da ed. mejorada
260 ## - PUBLICACIÓN, DISTRIBUCIÓN, ETC.
Lugar de publicación, distribución, etc. Santo Domingo :
Nombre del editor, distribuidor, etc. Librería San Pablo,
Fecha de publicación, distribución, etc. 2011
300 ## - DESCRIPCIÓN FÍSICA
Extensión 133 p.:
Otras características físicas il. retr.;
Dimensiones 21 cm
590 ## - NOTA LOCAL (RLIN)
Nota local Inventariado 2021 / MF
942 ## - ELEMENTOS DE PUNTO DE ACCESO ADICIONAL (KOHA)
Fuente del sistema de clasificación o colocación Dewey Decimal Classification
Tipo de ítem Koha Libro
Existencias
Estado de retiro Estado de pérdida Fuente del sistema de clasificación o colocación Restricciones de uso No para préstamo Código de colección Localización permanente Ubicación/localización actual Ubicación en estantería Fecha de adquisición Fuente de adquisición Total de préstamos Signatura topográfica completa Código de barras Fecha visto por última vez Precio válido a partir de Tipo de ítem Koha Número de copia
    Dewey Decimal Classification Excluido de préstamo   Patrimonio Dominicano Biblioteca Nacional Pedro Henríquez Ureña Patrimonio Dominicano Depósito 20.07.2012 Depósito legal   V335e 2021-26670 16.09.2021 16.09.2021 Libro y Folleto Colección Patrimonio Dominicano  
    Dewey Decimal Classification Excluido de préstamo   Patrimonio Dominicano Biblioteca Nacional Pedro Henríquez Ureña Patrimonio Dominicano Depósito 20.07.2012 Depósito legal   V335e 2021-26671 16.09.2021 16.09.2021 Libro y Folleto Colección Patrimonio Dominicano e.2

Con tecnología Koha